| 000 | 00470nam a2200169Ia 4500 | ||
|---|---|---|---|
| 003 | SGT | ||
| 020 | _a9788121928229 | ||
| 082 |
_a620.11 _bKHU |
||
| 100 | _aKhurmi,R.S | ||
| 245 | _aStrength of materials | ||
| 260 |
_bS.Chand _aN.Delhi _c2013 |
||
| 300 | _a924p. | ||
| 490 | _aMECHANICAL ENGINEERING | ||
| 650 | _aSIMPLE STRESSES AND STRAINS, STRESSES AND STRAINS IN BARS OF VARYING SECTIONS, THERMAL STRESSES AND STRAINS | ||
| 700 | _aKhurmi,N | ||
| 942 |
_2ddc _cBK _013 |
||
| 999 |
_c5524 _d5524 |
||